Capitales des pays en 1914 - Statistiques

Statistiques générales
  • Ce quiz a été pris 108 fois
  • Le résultat moyen est 42 sur 64
Statistiques - réponses
Pais Capital % Correct
Allemagne Berlin
97%
Belgique Bruxelles
92%
France Paris
92%
Austria-Hungary Vienne | Budapest
92%
Espagne Madrid
91%
Brésil Rio de Janeiro
91%
Argentine Buenos Aires
90%
Japon Tokyo
90%
États-Unis Washington
90%
Royaume-Uni Londres
89%
Mexique Mexico
89%
Canada Ottawa
89%
Italie Rome
89%
Grèce Athènes
88%
Portugal Lisbonne
88%
Chili Santiago
88%
Andorre Andorre-la-Vieille
87%
Afghanistan Kaboul
86%
Monaco Monaco
86%
Bulgarie Sofia
86%
Pays-Bas Amsterdam
85%
Suisse Berne
84%
Cuba La Havane
84%
Saint-Marin Saint-Marin
84%
Danemark Copenhague
83%
Norvège Oslo
83%
Colombie Bogotá
82%
Russie Saint-Pétersbourg
82%
Serbie Belgrade
80%
Roumanie Bucarest
80%
Pérou Lima
79%
Panama Panama
78%
Suède Stockholm
77%
Uruguay Montevideo
74%
Bolivie Sucre
73%
Liechtenstein Vaduz
73%
Afrique du Sud Pretoria
72%
Guatemala Guatemala
70%
Nouvelle-Zélande Wellington
70%
Venezuela Caracas
68%
Équateur Quito
67%
Haïti Port-au-Prince
66%
Persia Téhéran
64%
Éthiopie Addis-Abeba
63%
Australie Melbourne
63%
Salvador San Salvador
60%
Paraguay Asunción
57%
Costa Rica San José
53%
Muscat and Oman Mascate
51%
République Dominicaine Saint-Domingue
51%
Ottoman Empire Constantinople
49%
Honduras Tegucigalpa
46%
Siam Bangkok
43%
Nicaragua Managua
43%
Liberia Monrovia
41%
Nedj and Hasa Riyad
17%
Luxembourg Luxembourg City
14%
Newfoundland Saint John's
10%
Ha'il Ha'il
9%
Albanie Durres
8%
Chine Peking
8%
Sulu Jolo
3%
Monténégro Cetinje
2%
Mongolie Niislel Khuree
0%
Aucun quiz correspondant
Distribution des résultats
% des personnes avec chaque résultat
Percentile par nombre de réponses
Votre historique - résultats
Vous n’avez pas pris ce quiz